000
00245nam a22000857a 4500
008
160704b xxu||||| |||| 00| 0 eng d
100
_9
1919
_a
Ghai, S., et al
245
_a
Great Scientific Inventions
260
_a
New Delhi
_b
Streeling Publication
_c
1997
999
_c
1621
_d
1621